[Event "Il trionfo di Elena"]
[Site "http://www.queenalice.com/game.php?id=1367623"]
[Date "2015.6.25"]
[Round "-"]
[White "Anele"]
[Black "stride"]
[Result "0-1"]
[WhiteElo "1100"]
[BlackElo "1405"]

1. Nf3 Nf6 2. c4 e6 3. Qa4 Nc6 4. b4 Bxb4 5. h4 O-O 6. Qb5 d5 7. e3 a6 8. Qa4 d4
9. exd4 Nxd4 10. Qxb4 Nc2+ 11. Kd1 Nxb4 12. Ba3 a5 13. d3 Nxd3 14. Bc5 Nxc5+ 15.
Nbd2 e5 16. Rb1 e4 17. Rb5 exf3 18. Rxc5 Qd4 0-1

[Event "Invitation"]
[Site "http://www.queenalice.com/game.php?id=1367942"]
[Date "2015.6.27"]
[Round "-"]
[White "stride"]
[Black "Anele"]
[Result "1-0"]
[WhiteElo "1409"]
[BlackElo "1053"]

1. Nf3 e6 2. g3 h5 3. Bg2 Bb4 4. c3 Ba5 5. d4 d5 6. Bf4 b5 7. b4 Bb6 8. a4 c6 9.
Ne5 c5 10. bxc5 Ba5 11. axb5 Bc7 12. b6 Bxe5 13. Rxa7 Bb7 14. Rxa8 Bxa8 15. Bxe5
Nd7 16. Qa4 f6 17. Bc7 Qc8 18. Na3 Qb7 19. Nc4 e5 20. Nd6+ Kf8 21. Qxd7 Ne7 22.
Qd8# 1-0

[Event "E se poi te ne penti?"]
[Site "http://www.queenalice.com/game.php?id=1368443"]
[Date "2015.6.29"]
[Round "-"]
[White "Anele"]
[Black "stride"]
[Result "0-1"]
[WhiteElo "1038"]
[BlackElo "1411"]

1. Nf3 Nf6 2. Nc3 d5 3. e3 Nc6 4. d3 e5 5. Ng5 h6 6. Nh3 d4 7. Nb5 a6 8. Na3 Bc5
9. Nc4 O-O 10. Be2 b5 11. Na3 Bb4+ 12. Bd2 Bxh3 13. gxh3 dxe3 14. Bf3 exd2+ 15.
Qxd2 Bxd2+ 16. Kxd2 e4 17. Be2 Qd6 18. Rhg1 Qf4+ 19. Ke1 exd3 20. cxd3 Qb4+ 21.
Kf1 Qxb2 22. Bf3 Qxa1+ 23. Kg2 Qc3 24. Bxc6 Qxc6+ 25. Kf1 Qc1+ 26. Kg2 Qxa3 27.
Re1 Rfe8 28. Kf1 Rxe1+ 29. Kxe1 Re8+ 30. Kf1 Qxd3+ 31. Kg2 Re1 32. h4 Qg6+ 33.
Kh3 Qg4# 0-1

[Event "Challenge"]
[Site "http://www.queenalice.com/game.php?id=1368613"]
[Date "2015.6.30"]
[Round "-"]
[White "hankito222"]
[Black "stride"]
[Result "0-1"]
[WhiteElo "1489"]
[BlackElo "1421"]

1. e4 Nf6 2. f3 d5 3. Nc3 c6 4. d4 e6 5. e5 Nfd7 6. f4 f5 7. Qh5+ g6 8. Qd1 Qa5
9. g4 Na6 10. a3 h5 11. gxf5 gxf5 12. Bd2 Nb6 13. Nxd5 Qxd5 14. Nf3 Nc4 15. Bc3
Qe4+ 16. Be2 Ne3 17. Qd2 Nxc2+ 18. Kf2 Bh6 19. Rae1 Bxf4 20. Qd1 Rg8 21. Nh4
Qe3+ 22. Kf1 Qh3+ 23. Kf2 Qxh4+ 24. Kf1 Ne3# 0-1

[Event "Ho visto tutto!"]
[Site "http://www.queenalice.com/game.php?id=1368941"]
[Date "2015.7.1"]
[Round "-"]
[White "stride"]
[Black "Anele"]
[Result "1-0"]
[WhiteElo "1413"]
[BlackElo "1031"]

1. Nf3 Nc6 2. e4 e5 3. d4 Bb4+ 4. c3 Ba5 5. d5 Nce7 6. Nxe5 b5 7. Bxb5 Rb8 8.
Qa4 Bb6 9. O-O Ra8 10. Na3 Nf6 11. Nac4 Bc5 12. Nd3 Nxe4 13. Re1 Nd6 14. Nxc5 c6
15. Nxd6+ Kf8 16. Qf4 Nxd5 17. Qxf7# 1-0

[Event "Invitation"]
[Site "http://www.queenalice.com/game.php?id=1369040"]
[Date "2015.7.2"]
[Round "-"]
[White "Anele"]
[Black "stride"]
[Result "0-1"]
[WhiteElo "1026"]
[BlackElo "1417"]

1. e4 c5 2. g4 d5 3. f3 e5 4. g5 Qxg5 5. Nh3 Bxh3 6. Bxh3 Qh4+ 7. Ke2 Qxh3 8.
exd5 Qg2+ 9. Ke1 Be7 10. Qe2 Bh4+ 11. Kd1 Qxh1+ 12. Qe1 Qxe1# 0-1

[Event "Mavattenaffanculova..."]
[Site "http://www.queenalice.com/game.php?id=1369332"]
[Date "2015.7.3"]
[Round "-"]
[White "Anele"]
[Black "stride"]
[Result "0-1"]
[WhiteElo "1024"]
[BlackElo "1419"]

1. Nf3 Nf6 2. Nc3 d5 3. b4 e5 4. b5 d4 5. Na4 e4 6. Ng5 a6 7. b6 h6 8. bxc7 Qxc7
9. Nh3 b5 10. Nb2 Ba3 11. c3 dxc3 12. dxc3 Qxc3+ 13. Qd2 Qxd2+ 14. Kxd2 Bb4+ 15.
Kd1 O-O 16. Rg1 Rd8+ 17. Kc2 Nc6 18. a3 Nd4+ 19. Kb1 Bd6 20. e3 Nb3 21. g3 Ra7
22. f4 Rc7 23. Ka2 Nxc1+ 24. Rxc1 Rxc1 25. Rg2 Bxh3 26. Rg1 Be6+ 27. Bc4 Bxc4+
28. Nxc4 Rxg1 29. Nb6 Be7 30. a4 Rg2+ 31. Kb3 Rd3# 0-1

[Event "Challenge"]
[Site "http://www.queenalice.com/game.php?id=1370445"]
[Date "2015.7.7"]
[Round "-"]
[White "stride"]
[Black "hankito222"]
[Result "0-1"]
[WhiteElo "1444"]
[BlackElo "1348"]

1. d4 d5 2. Nc3 e6 3. h4 Bb4 4. a3 Ba5 5. b4 Bb6 6. Na4 Ne7 7. Nf3 Ng6 8. g3 e5
9. Nxe5 O-O 10. Qd3 Qf6 11. Bg5 Qd6 12. h5 Ne7 13. Bh3 f6 14. Bxf6 gxf6 15. Ng4
Bd7 16. Nh6+ Kh8 17. Nc3 a6 18. b5 Bxb5 19. Nxb5 axb5 20. Qxb5 Nbc6 21. Bg2 Nxd4
22. Qd3 Ba5+ 23. c3 Nb3 24. Rb1 Nc5 25. Qc2 d4 26. Rb5 Bxc3+ 27. Kf1 Rxa3 28. e3
d3 29. Qd1 d2 30. Rb1 Ra1 31. g4 Rxb1 32. Qxb1 d1=Q+ 33. Qxd1 Qxd1# 0-1

[Event "Challenge"]
[Site "http://www.queenalice.com/game.php?id=1370471"]
[Date "2015.7.8"]
[Round "-"]
[White "stride"]
[Black "Anele"]
[Result "1-0"]
[WhiteElo "1440"]
[BlackElo "1024"]

1. c4 e5 2. Nc3 c5 3. e3 Nf6 4. Nf3 e4 5. Ng5 h6 6. Ngxe4 d6 7. Nxf6+ Qxf6 8. d4
Na6 9. Bd3 Be7 10. Nd5 Qe6 11. O-O Nb4 12. Nc7+ Kd7 13. Nxe6 Kxe6 14. Qg4+ f5
15. Qxf5# 1-0

[Event "Challenge"]
[Site "http://www.queenalice.com/game.php?id=1372640"]
[Date "2015.7.22"]
[Round "-"]
[White "Anele"]
[Black "stride"]
[Result "0-1"]
[WhiteElo "1024"]
[BlackElo "1444"]

1. d4 e6 2. Nf3 Nf6 3. e3 c5 4. b3 b6 5. Ba3 Bb7 6. c3 Nc6 7. b4 cxb4 8. Bb2 Rc8
9. Qa4 bxc3 10. Bxc3 Ne4 11. Bd3 Nb4 12. Bxb4 Rc1+ 13. Ke2 Rxh1 14. Bxe4 Bxe4
15. Nc3 Bxf3+ 16. gxf3 Rxa1 17. Qxa7 Bxb4 18. Nb5 Qc8 19. Nd6+ Bxd6 20. Qxb6
Qc2# 0-1

[Event "AUTO-INT-3027"]
[Site "http://www.queenalice.com/game.php?id=1372883"]
[Date "2015.7.23"]
[Round "1"]
[White "stride"]
[Black "joseluisgrilo"]
[Result "0-1"]
[WhiteElo "1427"]
[BlackElo "1704"]

1. d4 e6 2. Nf3 d5 3. e3 a6 4. Ne5 g6 5. Bd3 Nf6 6. Nc3 Bb4 7. O-O O-O 8. Qf3 c5
9. g4 cxd4 10. exd4 Bxc3 11. bxc3 Nc6 12. Rb1 Qd6 13. Rb6 Qd8 14. g5 Nd7 15. Rb3
Ncxe5 16. dxe5 Nxe5 17. Qh3 f5 18. Re1 Nf7 19. Rxe6 Bxe6 20. Rxb7 Bc8 21. Rb4
Nxg5 22. Qh6 f4 23. Bxf4 Nf7 24. Bc7 Qxc7 25. Qh4 Ne5 26. Rd4 Nf3+ 27. Kg2 Nxh4+
28. Rxh4 Rf6 29. Rh6 Qg7 30. Rh4 h5 31. c4 Bb7 32. cxd5 Bxd5+ 33. Be4 Bxe4+ 34.
Rxe4 Qb7 35. c4 Qxe4+ 36. f3 Qxf3+ 37. Kg1 Qf1# 0-1

[Event "AUTO-INT-3027"]
[Site "http://www.queenalice.com/game.php?id=1372885"]
[Date "2015.7.23"]
[Round "1"]
[White "stride"]
[Black "spkveidt"]
[Result "0-1"]
[WhiteElo "1440"]
[BlackElo "1527"]

1. e4 Nc6 2. Nc3 e5 3. Nf3 Nf6 4. Qe2 a6 5. Nd5 Nb4 6. Qc4 b5 7. Qc5 Bxc5 8. Rb1
Nxe4 9. Nc3 Nxc2+ 10. Kd1 Nxf2+ 11. Kxc2 Nxh1 12. Nxe5 O-O 13. Bd3 Nf2 14. Bf5
Qg5 15. b4 Qxf5+ 16. Nd3 Qxd3+ 17. Kb2 Bd4 18. Ka3 Bxc3 19. Rb3 Nd1 20. Bb2
Bxb2# 0-1

[Event "AUTO-INT-3027"]
[Site "http://www.queenalice.com/game.php?id=1372886"]
[Date "2015.7.23"]
[Round "1"]
[White "spkveidt"]
[Black "stride"]
[Result "1-0"]
[WhiteElo "1537"]
[BlackElo "1424"]

1. e4 Nf6 2. Nc3 Nc6 3. Nf3 e5 4. Bc4 Bc5 5. O-O Nd4 6. Nxe5 Rf8 7. d3 d6 8. Nf3
c6 9. a3 b5 10. Bb3 d5 11. Ne5 dxe4 12. Nxe4 Bd6 13. Bf4 c5 14. c3 Bg4 15. f3
Bf5 16. cxd4 Bxe4 17. dxe4 cxd4 18. Qxd4 Qb6 19. Qxb6 Ke7 20. Nd3 Rfb8 21. Bxd6+
Kd7 22. Qc7+ Ke8 23. Qe7# 1-0

[Event "Invitation"]
[Site "http://www.queenalice.com/game.php?id=1372972"]
[Date "2015.7.23"]
[Round "-"]
[White "Anele"]
[Black "stride"]
[Result "0-1"]
[WhiteElo "1024"]
[BlackElo "1446"]

1. Nc3 e5 2. e4 g6 3. Nf3 Bg7 4. d3 Nc6 5. Bg5 Nf6 6. Nd5 h6 7. Bh4 g5 8. Bg3 d6
9. b4 Nxd5 10. exd5 Nxb4 11. c4 e4 12. dxe4 Bxa1 13. Qxa1 Nc2+ 14. Kd1 Nxa1 15.
Nd4 Qf6 16. Nb5 Kd8 17. h4 Qb2 18. Bd3 Bg4+ 19. f3 Qxg2 20. Be1 Bxf3+ 21. Kc1
Qxh1 22. Kd2 Bxe4 23. Nc3 Bxd3 24. Kxd3 Re8 25. Bd2 Qf3+ 26. Be3 Qxe3# 0-1

[Event "Challenge"]
[Site "http://www.queenalice.com/game.php?id=1374047"]
[Date "2015.7.28"]
[Round "-"]
[White "Anele"]
[Black "stride"]
[Result "0-1"]
[WhiteElo "1024"]
[BlackElo "1422"]

1. d4 Nf6 2. b4 d5 3. Nc3 e5 4. Ba3 exd4 5. Qxd4 Nc6 6. Qf4 Bd6 7. Qd2 O-O 8. b5
Bxa3 9. bxc6 bxc6 10. Nf3 Bb4 11. Ne5 Ne4 12. Nxc6 Qf6 13. Nxe4 Qxa1# 0-1

[Event "Invitation"]
[Site "http://www.queenalice.com/game.php?id=1420258"]
[Date "2016.4.27"]
[Round "-"]
[White "stride"]
[Black "Anele"]
[Result "1-0"]
[WhiteElo "1393"]
[BlackElo "1054"]

1. c4 c5 2. g3 Nf6 3. Bg2 e5 4. Nc3 Qa5 5. d3 g6 6. f4 Ng4 7. h3 Nf6 8. fxe5 Nh5
9. g4 Ng3 10. Rh2 Qb4 11. Kf2 Nxe2 12. Qxe2 Be7 13. Nd5 Qa5 14. Bd2 Bh4+ 15. Kf1
Qa6 16. Nc7+ Kd8 17. Nxa6 bxa6 18. Bxa8 Re8 19. Ba5+ Ke7 20. Qe3 Kf8 21. Qh6+
Kg8 22. Qxh4 Rxe5 23. Qd8+ Kg7 24. Rf2 d6 25. Qf6+ Kf8 26. Qxf7# 1-0

[Event "Invitation"]
[Site "http://www.queenalice.com/game.php?id=1420906"]
[Date "2016.5.2"]
[Round "-"]
[White "stride"]
[Black "Anele"]
[Result "1-0"]
[WhiteElo "1395"]
[BlackElo "1051"]

1. d4 d5 2. c4 Nf6 3. cxd5 Qxd5 4. Nc3 Qa5 5. Nf3 Nc6 6. e3 b5 7. Bxb5 Bd7 8.
O-O a6 9. Bxc6 Bxc6 10. Ne5 Bb7 11. Qb3 Rb8 12. Qxf7+ Kd8 13. Qb3 e6 14. Qxe6
Bd6 15. Nf7# 1-0

[Event "Invitation"]
[Site "http://www.queenalice.com/game.php?id=1420993"]
[Date "2016.5.2"]
[Round "-"]
[White "Anele"]
[Black "stride"]
[Result "0-1"]
[WhiteElo "1048"]
[BlackElo "1435"]

1. Nc3 e5 2. e4 Nc6 3. b3 Nf6 4. Nf3 Bb4 5. Nd5 Bc5 6. Qe2 O-O 7. Qc4 d6 8. h4
Nxd5 9. Qxd5 Be6 10. Qd3 d5 11. exd5 Bxd5 12. Rh3 e4 13. Qc3 exf3 14. Rg3 Re8+
15. Kd1 Bd4 16. Qc5 Bxc5 17. h5 Bxf2 18. c4 Re1+ 19. Kc2 Nb4+ 20. Kc3 Qf6+ 21.
d4 Bxd4+ 22. Kxb4 Bc3+ 23. Ka4 Qa6# 0-1